Prema dhaara-2 : (Record no. 42217)

MARC details
000 -LEADER
fixed length control field 00804nam a22002177a 4500
005 - DATE AND TIME OF LATEST TRANSACTION
control field 20100816141711.0
010 ## - LCCN (DPL NO)
LC control number ENG-100697
020 ## - INTERNATIONAL STANDARD BOOK NUMBER
International Standard Book Number 9788172086824(v.2)
Terms of availability 116.00
020 ## - INTERNATIONAL STANDARD BOOK NUMBER
International Standard Book Number 9788172086879(set)
Terms of availability 116.00
035 ## - SYSTEM CONTROL NUMBER
System control number EN-84230
037 ## - SOURCE OF ACQUISITION
Source of stock number/acquisition DBAD/PUB
082 ## - DEWEY DECIMAL CLASSIFICATION NUMBER
Classification number 230.35
100 ## - MAIN ENTRY--PERSONAL NAME
Personal name Sathya Sai Baba
245 ## - TITLE STATEMENT
Title Prema dhaara-2 :
Statement of responsibility, etc by Sathya Sai Baba
Remainder of title a collection of letters / messages from Sathya Sai Baba /
260 ## - PUBLICATION, DISTRIBUTION, ETC. (IMPRINT)
Place of publication, distribution, etc Prasanthi Nilayam
Name of publisher, distributor, etc Sri Sathya Sai Sadhana Trust
Date of publication, distribution, etc 2009
270 ## - ADDRESS
Address Anantapur District, Andhra Pradesh
City Prasanthi Nilayam
Postal code 515134
300 ## - PHYSICAL DESCRIPTION
Extent V.2. 232 p.
Other physical details 24cm (Pbk)
700 ## - ADDED ENTRY--PERSONAL NAME
9 (RLIN) 14037
942 ## - ADDED ENTRY ELEMENTS (KOHA)
Source of classification or shelving scheme Dewey Decimal Classification
Item type English Books
Classification part 230.35
Call number suffix SAT
Holdings
Withdrawn status Lost status Not for loan Collection code Home library Current library Date acquired Source of acquisition Cost, normal purchase price Full call number Barcode Copy number Cost, replacement price Koha item type
      Non-fiction R.K.Puram-8 R.K.Puram-8 16/08/2010 DBAD/PUB 116.00 230.35 PRO EN-84230 1 116.00 English Books

© Delhi Public Library
Hit Counter
free hit counter